000 00452nam a2200133Ia 4500
008 100328s9999 xx 000 0 und d
082 _b5696
100 _aवैद्य व्दारकानाथ गोविंद
245 _aधर्मपर व्याख्याने
260 _b---
630 _aधर्मपर व्याख्याने
730 _aधर्मपर व्याख्याने
942 _cBOOK
999 _c501679
_d501676